Selected ¹³C nuclear magnetic resonance spectral data /

Guardado en:
Autor Corporativo: Texas Engineering Experiment Station. Thermodynamics Research Center. Hydrocarbon Project.
Formato: Libro
Idioma:English
Publicado: College Station, Texas : Thermocynamics Research Center, Texas A & M University, [1974-
Materias:
Etiquetas: Agregar Etiqueta
Sin Etiquetas, Sea el primero en etiquetar este registro!
LEADER 01115nam a22002175a 4500
001 EIQ.libpla001946
008 070309s1974####xx#a##########000#0#eng#d
005 20070313184051.0
245 0 0 |a Selected ¹³C nuclear magnetic resonance spectral data /  |c Thermodynamics Research Center Hydrocarbon Project. 
260 |a College Station, Texas :  |b Thermocynamics Research Center, Texas A & M University,  |c [1974- 
300 |a 2v. (hoja sustituible) :  |b il., tablas ;  |c 30 cm. 
500 |a Anteriormente publicado por el instituto american Petroleum, proyecto de investigación 44. 
500 |a Continuado por suplementos. 
710 2 |a Texas Engineering Experiment Station.  |b Thermodynamics Research Center.  |b Hydrocarbon Project. 
246 3 0 |a TRC spectral data, ¹³C nuclear magnetic resonance. 
246 3 0 |a T.R.C spectral data, ¹³C nuclear magnetic resonance. 
650 4 |a Termodinámica  |x Tablas. 
650 4 |a Thermodynamics  |x Tables. 
040 |a AR-BbSID  |b spa  |c AR-BbSID 
859 |a AR-BbSID  |b BIB. PLAPIQUI  |h 541.369  |i T 34  |k R  |p 4919  |v Vol. 1  |3 Vol. 1 
859 |a AR-BbSID  |b BIB. PLAPIQUI  |h 541.369  |i T 34  |k R  |p 4920  |v Vol. 2  |3 Vol. 2